T.V. video and sound circuits / (Record no. 2986)

000 -LEADER
fixed length control field 00393nam a2200145 4500
008 - FIXED-LENGTH DATA ELEMENTS--GENERAL INFORMATION
fixed length control field 200318b ||||| |||| 00| 0 eng d
082 00 - DEWEY DECIMAL CLASSIFICATION NUMBER
Classification number 621.38836
Item number A2111
100 ## - MAIN ENTRY--PERSONAL NAME
9 (RLIN) 2581
Personal name Adams, Thomas M.
245 10 - TITLE STATEMENT
Title T.V. video and sound circuits /
250 ## - EDITION STATEMENT
Edition statement 1st ed.
260 ## - PUBLICATION, DISTRIBUTION, ETC. (IMPRINT)
Place of publication, distribution, etc Slough
Name of publisher, distributor, etc Foulsham
Date of publication, distribution, etc 1967
300 ## - PHYSICAL DESCRIPTION
Extent 158 p.
650 #0 - SUBJECT ADDED ENTRY--TOPICAL TERM
Topical term or geographic name as entry element Television circuits
942 ## - ADDED ENTRY ELEMENTS (KOHA)
Source of classification or shelving scheme
Item type Books
Holdings
Withdrawn status Lost status Source of classification or shelving scheme Damaged status Not for loan Permanent location Current location Date acquired Full call number Barcode Date last seen Koha item type
          IMU Kolkata IMU Kolkata 1979-04-03 621.38836 A2111 05064 2020-03-18 Books
Designed and Maintained by IMU-KC Library, Kolkata Campus © Copyright All Rights Reserved

webs counters

Powered by Koha